|
|
|
|
| LEADER |
00000nam a2200000 i 4500 |
| 001 |
1/99378 |
| 008 |
000127s1995 eng d |
| 020 |
|
|
|a 0-7897-0183-9
|
| 035 |
|
|
|l 10056859
|
| 040 |
|
|
|a GR-MY-UA
|b gre
|e aacr
|
| 041 |
0 |
|
|a eng
|
| 082 |
0 |
|
|a 005.71365
|
| 100 |
1 |
|
|a Cima, Rob.
|
| 245 |
1 |
0 |
|a Windows 95 connectivity /
|c written by Rob Cima ... [et al.]
|
| 260 |
|
|
|a Indianapolis :
|b Que,
|c c1995
|
| 300 |
|
|
|a 472 p.
|b fig.
|
| 500 |
|
|
|a Easy nerworking for everybody. For use with Windows 95 with NetWare, the Internet, and other nerworks
|
| 630 |
0 |
0 |
|a Microsoft Windows (Computer file)
|
| 650 |
0 |
0 |
|a Operating systems (Computers)
|
| 650 |
0 |
0 |
|a Internet.
|
| 650 |
0 |
0 |
|a Computer networks.
|
| 852 |
|
|
|a INST
|b LESVOS
|e 20000127
|h 005.71365 CIM
|p 005100021836
|q 005100021836
|t BK
|y 0
|
| 901 |
|
|
|a BIBL1-2000-1
|
| 909 |
|
|
|a Λ
|b 070397
|
| 922 |
|
|
|a 1ΕΛΗ
|b 199911
|c ΚΠΣ/ΤΓ
|d LEADER
|
| 950 |
|
|
|a 118-1999-09-03
|
| 970 |
|
|
|a ΤΖΑΦΕΡΗ
|b ΕΥΑΓΓΕΛΙΑ
|z 2000/02/07
|